Industrial and organizational psychology: (Record no. 43333)

MARC details
000 -LEADER
fixed length control field 00688 a2200193 4500
008 - FIXED-LENGTH DATA ELEMENTS--GENERAL INFORMATION
fixed length control field 140527b xxu||||| |||| 00| 0 eng d
020 ## - INTERNATIONAL STANDARD BOOK NUMBER
International Standard Book Number 9781118092279
050 ## - LIBRARY OF CONGRESS CALL NUMBER
Classification number HF5548.8
Item number .S64 2012
100 ## - MAIN ENTRY--PERSONAL NAME
Personal name Spector, Paul E.
245 ## - TITLE STATEMENT
Title Industrial and organizational psychology:
Remainder of title research and practice
Statement of responsibility, etc Paul E. Spector.
250 ## - EDITION STATEMENT
Edition statement 6th ed.
260 ## - PUBLICATION, DISTRIBUTION, ETC. (IMPRINT)
Date of publication, distribution, etc 2012
Name of publisher, distributor, etc John Wiley and sons
Place of publication, distribution, etc Hoboken, N.J. :
300 ## - PHYSICAL DESCRIPTION
Extent xxi, 455 p. :
Other physical details ill. ;
Dimensions 25 cm.
500 ## - GENERAL NOTE
General note Includes bibliographical references and index.
650 ## - SUBJECT ADDED ENTRY--TOPICAL TERM
Topical term or geographic name as entry element Psychology, Industrial.
650 ## - SUBJECT ADDED ENTRY--TOPICAL TERM
Topical term or geographic name as entry element Personnel management.
650 ## - SUBJECT ADDED ENTRY--TOPICAL TERM
Source of heading or term bisacsh
Topical term or geographic name as entry element PSYCHOLOGY / Industrial & Organizational Psychology
942 ## - ADDED ENTRY ELEMENTS (KOHA)
Item type Book
Source of classification or shelving scheme Library of Congress Classification
Holdings
Withdrawn status Lost status Source of classification or shelving scheme Damaged status Not for loan Collection code Home library Current library Shelving location Date acquired Source of acquisition Cost, normal purchase price Total Checkouts Full call number Barcode Date last seen Date last borrowed Copy number Price effective from Koha item type Total Renewals
    Library of Congress Classification     Non-fiction Bishop Okullu Memorial Library (Limuru Campus) Bishop Okullu Memorial Library (Limuru Campus) General Circulation 27/05/2014 Purchase 23285.00 9 HF5548.8 .S64 2012 039520 17/02/2024 01/02/2024 1 27/05/2014 Book  
    Library of Congress Classification     Non-fiction Bishop Okullu Memorial Library (Limuru Campus) Bishop Okullu Memorial Library (Limuru Campus) General Circulation 27/05/2014 Purchase 23285.00 7 HF5548.8 .S64 2012 039522   01/02/2019 3 27/05/2014 Book 1
    Library of Congress Classification     Non-fiction Bishop Okullu Memorial Library (Limuru Campus) Bishop Okullu Memorial Library (Limuru Campus) General Circulation 27/05/2014 Purchase 23285.00 4 HF5548.8 .S64 2012 039523   03/04/2017 4 27/05/2014 Book  
    Library of Congress Classification     Non-fiction Nairobi Campus Nairobi Campus General Circulation 27/05/2014 Purchase 23285.00 6 HF5548.8 .S64 2012 039521   27/03/2018 2 27/05/2014 Book 1
    Library of Congress Classification     Non-fiction Nairobi Campus Nairobi Campus General Circulation 27/05/2014 Purchase 23285.00 4 HF5548.8 .S64 2012 039526   13/06/2017 7 27/05/2014 Book  
    Library of Congress Classification     Non-fiction Nairobi Campus Nairobi Campus General Circulation 27/05/2014 Purchase 23285.00 2 HF5548.8 .S64 2012 039527   14/06/2017 8 27/05/2014 Book  
    Library of Congress Classification     Non-fiction Nakuru Campus Nakuru Campus General Circulation 27/05/2014 Purchase 23285.00 14 HF5548.8 .S64 2012 039524   12/03/2019 5 27/05/2014 Book 1
    Library of Congress Classification     Non-fiction Nakuru Campus Nakuru Campus General Circulation 27/05/2014 Purchase 23285.00 8 HF5548.8 .S64 2012 039525   11/03/2022 6 27/05/2014 Book 1